Представление документа в формате RUSMARC

ПолеНазваниеЗначение
  Тип записи a
  Библиографический уровень m
001 Контрольный номер RU/SLIB/B/208711726
005 Дата корректировки 20201206203911.7
010 Индекс ISBN __
d Цена 3-00
101 Язык документа __
a Язык текста rus
c Язык оригинала ger
200 Заглавие и сведения об ответственности 1_
a Заглавие Царь Сиона
e Сведения, относящиеся к заглавию роман : пеp. с нем.
f Первые сведения об ответственности К. Шпиндлер
b Общее обозначение материала Текст
205 Сведения об издании __
b Дополнительные сведения об издании [Репр. воспр. с изд. 1903 г.]
210 Выходные данные __
a Место издания Ставрополь
c Издательство Кавказ. край
d Дата издания 1993
215 Физическое описание __
a Объем 446 с.
225 Серия __
a Серия Ряд исторических романов
606 Тематические рубрики __
a Основная рубрика Художественная литература
606 Тематические рубрики __
a Основная рубрика Литература Европы (произведения)
610 Ключевые слова __
a Ключевые слова немецкая литература; проза; романы
686 Индексы других классификаций __
2 Код системы rubbks
a Классификационный индекс 84(4Гем)-4; ст84(4Гем)-4
700 Автор _1
a Фамилия Шпиндлер
b Имя К.
4 Код отношения 070
801 Источник записи _0
a Страна RU
b Организация Муниципальное бюджетное учреждение культуры "Централизованная библиотечная система" г. Сургут (Центральная городская библиотека им. А. С. Пушкина)
g Правила каталогизации ОБ/Котельникова
801 Источник записи _1
a Страна RU
b Организация Муниципальное бюджетное учреждение культуры "Централизованная библиотечная система" г. Сургут (Центральная городская библиотека им. А. С. Пушкина)
g Правила каталогизации ОБ/Котельникова
852 Данные о местонахождении __
j Шифр хранения 84(4Гем)-4
c Каталожный индекс 84(4Гем)-4
i Авторский знак Ш 83
p Инвентарный номер 68299
901 Тип документа __
t Тип документа m
903 Характеристики (МАРС) __
a Дата передачи 19980629
990 Данные о заказе (DOS) 00
j Количество экземпляров (DOS) 7